Percy Jackson Prophecies Quiz Stats

 Plays Quiz not verified by Sporcle

Support Sporcle.
Go Orange.
Score 0/6 Timer 05:00
0 Plays Today
Prophecy Answer % Correct
...You shall be betrayed by one who calls you a friend...Luke
99%
...A half-blood of the eldest gods...Percy Jeckson
91.4%
...One shall be lost in the land without rain...Bianca di Angelo
91.3%
...And foes bear arms to the Doors of _________.Death
87.6%
...You shall find what you seek and make it your own...The Golden Fleece
84.9%
...The child of Athena's final stand...Daedalus
77.5%

You're not logged in!

Compare scores with friends on all Sporcle quizzes.
OR
Log In

From the Vault

Erase the World

by goc3

Indulge your inner supervillain and erase the planet.
Remove Ads.
Support Sporcle.
Get the best of Sporcle when you Go Orange. This ad-free experience offers more features, more stats, and more fun while also helping to support Sporcle. Thank you for becoming a member.

Show Comments

Extras

Top Quizzes Today


Score Distribution

Your Account Isn't Verified!

In order to create a playlist on Sporcle, you need to verify the email address you used during registration. Go to your Sporcle Settings to finish the process.

Report this User

Report this user for behavior that violates our Community Guidelines.

Details: